[Event "ESP-ch U12"]
[Site "Salobrena"]
[Date "2022.07.15"]
[Round "8"]
[White "De Francisco Gracia, Diego"]
[Black "Luna Ordonez, Alejandro"]
[Result "1/2-1/2"]
[WhiteElo "1302"]
[BlackElo "1511"]
[PlyCount "114"]
[EventDate "2022.07.04"]
[EventType "swiss"]
[EventRounds "9"]
[EventCountry "ESP"]
[SourceTitle "EXT 2023"]
[Source "ChessBase"]
[SourceDate "2022.10.05"]
[SourceVersion "1"]
[SourceVersionDate "2022.10.05"]
[SourceQuality "1"]

1. e4 c5 2. c3 d5 3. exd5 Qxd5 4. d4 Nc6 5. Nf3 Bg4 6. Be2 e6 7. Be3 cxd4 8. cxd4 Bb4+ 9. Nc3 Qa5 10. Qb3 Nge7 11. 0-0 Bxc3 12. bxc3 Qc7 13. h3 Bh5 14. Rfc1 0-0 15. Rab1 b6 16. Rb2 Rac8 17. Qb5 Bxf3 18. Bxf3 Rfd8 19. Qg5 Nf5 20. Bf4 Qe7 21. Qxe7 Ncxe7 22. g4 Nd6 23. Be2 Nc4 24. Rb4 Nd5 25. Rxc4 Nxf4 26. Rxc8 Rxc8 27. Ba6 Rc7 28. Kh2 Nd5 29. c4 Nb4 30. Bb5 Nxa2 31. Rc2 Nb4 32. Rb2 a5 33. Kg3 g5 34. Kf3 Kg7 35. Rb1 f6 36. Ke3 Rc8 37. Kd2 Rd8 38. Kc3 h5 39. Re1 Kf7 40. c5 Nd5+ 41. Kb3 bxc5 42. dxc5 Rc8 43. Rc1 hxg4 44. hxg4 Rc7 45. Ka4 Ra7 46. Bd3 Nc7 47. Rh1 f5 48. gxf5 exf5 49. Bxf5 Kf6 50. Be4 Ne6 51. Kb5 a4 52. Kb6 Ra6+ 53. Kxa6 Nxc5+ 54. Kb5 Nxe4 55. Kxa4 g4 56. Rf1 Kf5 57. Kb4 Kf4 1/2-1/2

[Event "ESP-ch U12"]
[Site "Salobrena"]
[Date "2022.07.13"]
[Round "4"]
[White "Prochaieva, Tina"]
[Black "Luna Ordonez, Alejandro"]
[Result "1/2-1/2"]
[WhiteElo "1264"]
[BlackElo "1511"]
[PlyCount "78"]
[EventDate "2022.07.04"]
[EventType "swiss"]
[EventRounds "9"]
[EventCountry "ESP"]
[SourceTitle "EXT 2023"]
[Source "ChessBase"]
[SourceDate "2022.10.05"]
[SourceVersion "1"]
[SourceVersionDate "2022.10.05"]
[SourceQuality "1"]

1. d4 d5 2. Nf3 Nf6 3. c4 dxc4 4. e3 e6 5. Bxc4 c5 6. 0-0 Nc6 7. dxc5 Qxd1 8. Rxd1 Bxc5 9. Nc3 a6 10. a3 b5 11. Bd3 0-0 12. b4 Be7 13. Bb2 Bb7 14. Ne4 Nxe4 15. Bxe4 f5 16. Bc2 Rfd8 17. Bb3 Kf7 18. Kf1 Bf6 19. Bxf6 Kxf6 20. Ke2 e5 21. Ne1 e4 22. h3 Ne5 23. Rac1 Rac8 24. h4 Kg6 25. Rxd8 Rxd8 26. Nc2 Nd3 27. Rh1 Bd5 28. Bxd5 Rxd5 29. Rg1 h5 30. Ne1 Nc1+ 31. Kf1 Rd1 32. g3 Nd3 33. Ke2 Rxe1+ 34. Rxe1 Nxe1 35. Kxe1 Kf6 36. Kd2 Ke5 37. Kc3 Kd5 38. Kb3 Ke5 39. a4 Kd5 1/2-1/2

[Event "ESP-ch U12"]
[Site "Salobrena"]
[Date "2022.07.11"]
[Round "2"]
[White "Marin Ferragut, Pau"]
[Black "Luna Ordonez, Alejandro"]
[Result "1-0"]
[WhiteElo "2155"]
[BlackElo "1511"]
[PlyCount "77"]
[EventDate "2022.07.04"]
[EventType "swiss"]
[EventRounds "9"]
[EventCountry "ESP"]
[SourceTitle "EXT 2023"]
[Source "ChessBase"]
[SourceDate "2022.10.05"]
[SourceVersion "1"]
[SourceVersionDate "2022.10.05"]
[SourceQuality "1"]

1. e4 c5 2. Nc3 Nc6 3. g3 g6 4. Bg2 Bg7 5. d3 d6 6. Be3 Nf6 7. h3 Rb8 8. f4 b5 9. e5 Nxe5 10. fxe5 Nh5 11. Bc6+ Bd7 12. Bxd7+ Qxd7 13. Qf3 Bxe5 14. Nge2 b4 15. Nd1 Bg7 16. 0-0 0-0 17. g4 Nf6 18. Ng3 e6 19. Nf2 Nd5 20. Rae1 Nxe3 21. Qxe3 Bxb2 22. g5 Bd4 23. Qe2 d5 24. Kg2 h5 25. gxh6 Kh7 26. Ng4 f5 27. Ne5 Bxe5 28. Qxe5 Rbe8 29. h4 Rf7 30. h5 g5 31. Nxf5 Ref8 32. Nd6 Rf4 33. Rxf4 gxf4 34. Qxe6 Qxe6 35. Rxe6 Rb8 36. Ne8 a5 37. Nf6+ Kh8 38. Re7 Rg8+ 39. Kf1 1-0